000 00425nam a2200157 i 4500
001 72044
003 ES-MaACL
005 20230906171317.0
007 t|
008 040825s1962 sp ||||1| spa d
100 1 _aGil Mateos, Victoriano.
_956841
245 1 0 _aViento divino /
_cVictoriano Gil Mateos.
260 _aMadrid :
_b[s.n.,
_c1962] (
_fCosano)
300 _a94 p. ;
_c18 cm.
852 _aES-MaACL
_jC-24694
_bR.51128
999 _c72044
_d72044